000 00720nam a2200229Ia 4500
001 1023
003 GE_BSU
008 181216s||||||||xx |||||||||||||| ||und||
020 _a5961402096
040 _cGE_BSU
080 _a65.011
100 _aРотонд,Дженнифер;Ротондо,Майл;
245 _aПрезентация Бизнес-проектов.
245 _bКраткое руководство для менеджера.
260 _aМосква
260 _bМПБ,,Деловая культура, Альпина Бизнес Букс
260 _c2005
300 _a230 с.
541 _h10 л.
653 _aПрезентация бизнес-проектов
942 _cBK
999 _c35178
_d35178